000 00554nam a2200193 a 4500
001 BRCA_6643
005 20190320205535.0
008 111011s2005----mx-a######---#000-0#spa-#
041 _aspa
050 4 _bE83 2005
100 1 _aEscalada, Xavier
_cS. J.
_d1918-2006
_916636
245 1 0 _aEra fuego, Javier
_cXavier Escalada S. J.
260 _aMéxico
_bGalas de México
_c2005
300 _a179 p.
_bil. a color
_c31 cm.
500 _aDonación Dra. Elsa Barberena
650 1 4 _aSan Francisco Javier
_vBiografía
_916637
902 _aDEB
942 _2lcc
_cB
999 _c6327
_d6327